The Gidea Park modern homes exhibition and the problem of speculative building. November 1934. (Record no. 99997)

MARC details
000 -LEADER
fixed length control field 00911cam a22002055a 4500
001 - CONTROL NUMBER
control field 99997
008 - FIXED-LENGTH DATA ELEMENTS--GENERAL INFORMATION
fixed length control field 000000s1934 xxk 000 0 eng u
035 ## - SYSTEM CONTROL NUMBER
System control number (Sirsi) u101033
110 ## - MAIN ENTRY--CORPORATE NAME
Corporate name or jurisdiction name as entry element Chartered Surveyors' Institution
9 (RLIN) 2274
245 04 - TITLE STATEMENT
Title The Gidea Park modern homes exhibition and the problem of speculative building. November 1934.
260 ## - PUBLICATION, DISTRIBUTION, ETC.
Date of publication, distribution, etc. 1934
300 ## - PHYSICAL DESCRIPTION
Extent 11p.
520 ## - SUMMARY, ETC.
Summary, etc. This item has been scanned, please email [email protected], admin fee may apply for non-members
520 ## - SUMMARY, ETC.
Summary, etc. Paper read at a Junior Meeting at the Chartered Surveyors Institution on Monday 5th November 1934 by H. H Wagstaff, probationer. Includes: General Impressions of the Exhibition; Costs to the average purchaser; frontage; standards of building; valuation
650 ## - SUBJECT ADDED ENTRY--TOPICAL TERM
Topical term or geographic name entry element GARDEN ESTATES
650 ## - SUBJECT ADDED ENTRY--TOPICAL TERM
Topical term or geographic name entry element BUILDING STANDARDS
651 #4 - SUBJECT ADDED ENTRY--GEOGRAPHIC NAME
Geographic name United Kingdom
690 ## - LOCAL SUBJECT ADDED ENTRY--TOPICAL TERM (OCLC, RLIN)
Topical term or geographic name as entry element Residential property
9 (RLIN) 6266
942 ## - ADDED ENTRY ELEMENTS (KOHA)
Suppress in OPAC 0
Source of classification or shelving scheme Dewey Decimal Classification
Holdings
Withdrawn status Lost status Source of classification or shelving scheme Damaged status Not for loan Home library Current library Shelving location Date acquired Total Checkouts Full call number Barcode Date last seen Copy number Price effective from Koha item type
    Dewey Decimal Classification     Historic collection Historic collection RICS Boxes 27/10/1999   RICS 1934 30059531 06/08/2019 1 06/08/2019 Archive
    Dewey Decimal Classification     Historic collection Historic collection RICS Boxes 27/10/1999   RICS 1934 30059888 06/08/2019 2 06/08/2019 Archive